Energetická vs. environmentálna bezpečnosť: Prípad ropovodu Bratislava–Schwechat

Účastnici zapojení do realizácie ropovodu Bratislava–Schwechat a možné vysvetlenie, prečo neprišlo k zmenám v projekte, ktoré by odzrkadľovali environmentálnu kritiku. Dva typy bezpečnosti, ako aj teoretický prístup využitý na analýzu stretu medzi nimi. Prípravný proces výstavby ropovodu BSP od vz...

ver descrição completa

Na minha lista:
Detalhes bibliográficos
Autor principal: Lorenčíková, Zuzana
Outros Autores: Mišík, Matúš
Formato: Capítulo de Livro
Idioma:eslovaco
Assuntos:
Tags: Adicionar Tag
Sem tags, seja o primeiro a adicionar uma tag!

MARC

LEADER 00000nla a2200000 4500
001 0213530
005 20250404130837.3
041 0 |a slo 
044 |a CZ 
245 1 0 |a Energetická vs. environmentálna bezpečnosť: Prípad ropovodu Bratislava–Schwechat  |c Zuzana Lorenčíková, Matúš Mišík 
520 |a Účastnici zapojení do realizácie ropovodu Bratislava–Schwechat a možné vysvetlenie, prečo neprišlo k zmenám v projekte, ktoré by odzrkadľovali environmentálnu kritiku. Dva typy bezpečnosti, ako aj teoretický prístup využitý na analýzu stretu medzi nimi. Prípravný proces výstavby ropovodu BSP od vzniku návrhu v roku 2003 do začiatku roku 2014. Analýza konfliktu medzi energetickou a environmentálnou bezpečnosťou na prípade ropovodu BSP. Postoje aktérov zapojených do tohto projektu a merateľnosť nákladov na zabezpečenie oboch typov bezpečnosti, resp. merateľnosť rizík spojených s ich nedostatkom, ako aj časový horizont oboch typov bezpečnosti – či sú krátkodobého, alebo dlhodobého charakteru. 
610 2 0 |a bezpečnosť energetická 
610 2 0 |a Slovensko 
610 2 0 |a Rakúsko 
610 2 0 |a politika energetická 
610 2 0 |a politika environmentálna 
610 2 0 |a ropovody 
100 1 |a Lorenčíková, Zuzana 
700 1 |a Mišík, Matúš